Normal view
MARC view
- Natrajan, T .
Entry Personal Name
001 - CONTROL NUMBER
- control field: 1682
003 - CONTROL NUMBER IDENTIFIER
- control field: OSt
005 - DATE AND TIME OF LATEST TRANSACTION
- control field: 20161006141444.0
008 - FIXED-LENGTH DATA ELEMENTS
- fixed length control field: 161006|| aca||aabn | a|a d
040 ## - CATALOGING SOURCE
- Original cataloging agency: OSt
- Transcribing agency: OSt
100 ## - HEADING--PERSONAL NAME
- Personal name: Natrajan, T .
670 ## - SOURCE DATA FOUND
- Source citation: Work cat.: (OSt)131: Manicavachagom , Pillay T. K. 1680, Algebra / , 1970.
